1108 1889 1202 1932 1106 1443 1739 1589 1009 1534 1556 1890 1492 1510 1860 1056 1574 1880 1721 1982 1726 1221 1428 1126 1573 1931 1198 1298 1096 1114 1586 1924 1116 1936 1615 1665 1341 1805 1696 1207 1592 1396 1957 1480 1503 1009 1767 1248 1736 1721 1100 1691 1271 1211 1427 1235 1555 1811 1327 1565 1886 1920 1506 1536 1351 1592 1642 1894 1778 1881 1523 1225 1748 1589 1326 1906 1728 1865 1993 1475 1657 1795 1349 1212 1793 1332 1209 1393 1593 1031 1136 1130 1762 1097 1395 1096 1639 1349 1580 BCNSPRNW ULIB Ver.6.0+V

เปลี่ยนเป็นภาษาไทย

Change to English
 แสดงรายละเอียดบรรณานุกรม
  กลับหน้าหลัก

Brief Record : Get Marc (ISO 2709) : E-mail record : QR code < ปิดหน้าต่าง
LEADER : 00000nam 2200000uu 4500
001    13399113391
003     ULIB
008    111110s2553||||th 000 0 tha d
020    9786165090643
060  4 QZ200^bภ431ค 2553
100 0  ภานุศร เครือปัญญาดี
245 00 เคล็ดวิธีกินอยู่อย่างไทยสยบ มะเร็ง/^cภานุศร เครือปัญญาดี
260    กรุงเทพฯ:^bริช,^c2553
300    144 หน้า
650  7 มะเร็ง^xการป้องกันและควบคุม
650  7 โภชนบำบัด
945    ^p120^l0^i17830
995    กัณชพร
999    ^aใช้งานได้ทุกระบบ
รายการนี้ยังไม่มีแท็ก
คุณยังไม่ได้ล็อกอิน คุณสามารถมีกิจกรรมร่วมกับเว็บไซต์ได้ แต่ต้องล็อกอินก่อน ::
  ล็อกอิน

รายการสื่อสารสนเทศ

ลำดับที่ ประเภท เลขเรียก/บาร์โค้ด สถานที่ สถานะ
- ไม่พบข้อมูล -

รายการใกล้เคียง
    ผู้แต่ง [ภานุศร เครือปัญญาดี]

    หัวเรื่อง [มะเร็ง การป้องกันและควบคุม]
    หัวเรื่อง [โภชนบำบัด]

BibComment


ยังไม่เคยถูกคอมเมนท์

คอมเมนท์ทรัพยากรรายการนี้
  คอมเมนท์: เคล็ดวิธีกินอยู่อ..


 Copyright 2026. Bcnsprnw @Library